00774 2200253 4500001002100000005001700021008004100038035002500079040001200104082001000116084001800126090001800144245014200162260002800304300003700332500004900369650002000418700001900438700001000457700001000467700001600477700001500493850001200508INLIS00000000000180120150209103714.0  a0010-021500000000085 aYOPDYOG a930.1 aNUS 930.1 Sis aNUS 930.1 Sis aSISI Berita : Situs arkeolog [rekaman video]c/ penanggung jawab Mahendra Wisnu ; editor, Syaefullah, Jefri, Indra ; produser Prita Laura aJakartabMetro TVc2013 aDVD : digital, stereo ; 4 3/4 in aProgram Metro TV ; tanggal tayang 29/08/2013 aSitus arkeologi aMahendra Wisnu aJefri aIndra aPrita Laura aSyaefullah aYOPDYOG